Fundamentals of Taxation. (Record no. 3483)

MARC details
000 -LEADER
fixed length control field 00472nam a22001817a 4500
003 - CONTROL NUMBER IDENTIFIER
control field OSt
005 - DATE AND TIME OF LATEST TRANSACTION
control field 20160630180236.0
008 - FIXED-LENGTH DATA ELEMENTS--GENERAL INFORMATION
fixed length control field 160412b xxu||||| |||| 00| 0 eng d
020 ## - INTERNATIONAL STANDARD BOOK NUMBER
International Standard Book Number 9780078110993; 0078110998.
040 ## - CATALOGING SOURCE
Transcribing agency DDC.
082 ## - DEWEY DECIMAL CLASSIFICATION NUMBER
Classification number 336.2 FUN 2011
100 ## - MAIN ENTRY--PERSONAL NAME
Personal name Cruz;Deschamps[et......al]
9 (RLIN) 7783
245 ## - TITLE STATEMENT
Title Fundamentals of Taxation.
260 ## - PUBLICATION, DISTRIBUTION, ETC. (IMPRINT)
Place of publication, distribution, etc. India.
Name of publisher, distributor, etc. McGraw-Hill;
Date of publication, distribution, etc. 2011
504 ## - BIBLIOGRAPHY, ETC. NOTE
Bibliography, etc includes index.
650 ## - SUBJECT ADDED ENTRY--TOPICAL TERM
Topical term or geographic name as entry element Taxation.
9 (RLIN) 1362
942 ## - ADDED ENTRY ELEMENTS (KOHA)
Source of classification or shelving scheme Dewey Decimal Classification
Koha item type Short Loan
Holdings
Withdrawn status Lost status Source of classification or shelving scheme Damaged status Not for loan Home library Current library Date acquired Source of acquisition Total Checkouts Full call number Barcode Date last seen Koha item type Inventory number
    Dewey Decimal Classification     MUST Main Library MUST Main Library 12/04/2016     336.2 FUN 2011 2016-0764 12/04/2016 Short Loan  
    Dewey Decimal Classification     MUST Main Library MUST Main Library 12/04/2016     336.2 FUN 2011 2016-0765 12/04/2016 Short Loan 12/36511